banner koha

Efeito da adubacao NPK e de calcario dolomitico sobre a producao de frutos do abacaxizeiro cv. perola (Registro n. 321137)

MARC details
000 -LÍDER
campo de controle de tamanho fixo 01166naa a22003377a 4500
001 - NÚMERO DE CONTROLE
campo de controle BR8905629
003 - IDENTIFICADOR DO NÚMERO DE CONTROLE
campo de controle BR-BrBNA
005 - DATA E HORÁRIO DA ÚLTIMA TRANSAÇÃO
campo de controle 20240918180555.0
007 - CAMPO FIXO DE DESCRIÇÃO FÍSICA--INFORMAÇÃO GERAL
campo de controle de tamanho fixo ta
008 - CAMPO DE DADOS FIXOS--INFORMAÇÃO GERAL
campo de controle de tamanho fixo 230509b bl.||||| |||| 00| 0 por d
040 ## - FONTE DA CATALOGAÇÃO
Instituição da catalogação original BR-BrBNA
Idioma da catalogação por
Instituição que transcreveu o registro Biblioteca Nacional de Agricultura
041 ## - CÓDIGO DE IDIOMA
Código do idioma do texto/trilha sonora ou título diferente (Pt)
072 ## - CÓDIGO DE CATEGORIA DE ASSUNTO
Código de Categoria de Assunto F04
Código do objeto 1126
-- 3801
090 ## - NÚMERO DE CHAMADA LOCAL
Número de chamada F04 BR8905629
100 1# - ENTRADA PRINCIPAL--NOME PESSOAL
Nome pessoal Rodrigues, A.E.C.
100 1# - ENTRADA PRINCIPAL--NOME PESSOAL
Nome pessoal Petzhold, R.B.
111 1# - ENTRADA PRINCIPAL--NOME DO EVENTO
Nome do evento ou lugar 9. Congresso Brasileiro de Fruticultura
Local do evento Campinas, SP (Brazil)
Data do evento ou assinatura do tratado 22-27 Nov 1987
245 1# - TÍTULO
Título Efeito da adubacao NPK e de calcario dolomitico sobre a producao de frutos do abacaxizeiro cv. perola
260 3# - PUBLICAÇÃO, DISTRIBUIÇÃO, ETC.
Local de publicação, distribuição, etc. Campinas, SP (Brasil):
Data da publicação, distribuição, etc. 1987.
500 ## - NOTA GERAL
Nota geral Anais do 9. Congresso Brasileiro de Fruticultura<br/>Campinas, SP (Brasil): 1987. v. 1 p. 41-46<br/>(BR8905629-AM)F04<br/>
650 ## - ASSUNTO--TERMO TÓPICO
Cabeçalho tópico ou nome geográfico ABACAXI
650 ## - ASSUNTO--TERMO TÓPICO
Cabeçalho tópico ou nome geográfico VARIEDADE
650 ## - ASSUNTO--TERMO TÓPICO
Cabeçalho tópico ou nome geográfico FERTILIZANTE
650 ## - ASSUNTO--TERMO TÓPICO
Cabeçalho tópico ou nome geográfico NPK
650 ## - ASSUNTO--TERMO TÓPICO
Cabeçalho tópico ou nome geográfico CALCARIO
650 ## - ASSUNTO--TERMO TÓPICO
Cabeçalho tópico ou nome geográfico ADUBACAO
650 ## - ASSUNTO--TERMO TÓPICO
Cabeçalho tópico ou nome geográfico RENDIMENTO
773 0# - ENTRADA ANALÍTICA
Título Anais do 9. Congresso Brasileiro de Fruticultura
Número de controle do registro F04 BR8905629
Partes relacionadas Campinas, SP (Brasil), 1987. v. 1 p. 41-46
909 ## -
-- 202404
-- Lucia
-- 55
-- Lucia Elande
942 ## - ELEMENTOS DE ENTRADA ADICIONADOS (KOHA)
Tipo de material Koha Capítulo-Livro
Fonte da classificação ou esquema de arquivamento na estante Classificação AGRIS
Exemplares
Situação do descarte Fonte da classificação ou esquema de arquivamento na estante Situação física Não pode ser emprestado Coleção Biblioteca de origem Biblioteca atual Localização na estante Total de empréstimos Número de telefone completo Data de último acesso Número do exemplar Tipo de material Koha Situação das perdas Data de aquisição Fonte de aquisição
  Classificação AGRIS       Biblioteca Nacional de Agricultura - Binagri Biblioteca Nacional de Agricultura - Binagri Agrobase - Acervo Geral   5300 BR2016003142 20/05/2024 01 Capítulo-Livro   2024-04-11 Portaria Interministerial nº 164/94

BINAGRI

Telefone: (61)3218-2567/2388/3357/2097 - binagri@agro.gov.br

Ministério da Agricultura e Pecuária , Esplanada dos Ministérios, Bloco D, Anexo B, Brasília/DF, CEP: 70.043-900